ফলিত পদার্থবিজ্ঞান ১ (ল্যাব ম্যানুয়াল সহ) Applied Physics I (with Lab Manual) (Record no. 2647)
[ view plain ]
| 000 -LEADER | |
|---|---|
| Fixed length control field | 00743nam a2200217 4500 |
| 003 - CONTROL NUMBER IDENTIFIER | |
| Control field | SEACOMEC |
| 005 - DATE AND TIME OF LATEST TRANSACTION | |
| Control field | 20260413115658.0 |
| 008 - FIXED-LENGTH DATA ELEMENTS--GENERAL INFORMATION | |
| Fixed length control field | 260411b |||||||| |||| 00| 0 eng d |
| 020 ## - INTERNATIONAL STANDARD BOOK NUMBER / ISBN | |
| International Standard Book Number | 978-93-55381-34-7 |
| 040 ## - CATALOGING SOURCE | |
| Original cataloging agency | SEACOMEC |
| 041 ## - LANGUAGE CODE | |
| Language code | Ben |
| 082 ## - DEWEY DECIMAL CLASSIFICATION NUMBER | |
| Classification number | 530.0262 |
| Book Number | T137 |
| 100 ## - MAIN ENTRY--PERSONAL NAME | |
| Personal name | Talati, Mina |
| 245 ## - TITLE STATEMENT | |
| Title | ফলিত পদার্থবিজ্ঞান ১ (ল্যাব ম্যানুয়াল সহ) Applied Physics I (with Lab Manual) |
| Statement of responsibility | Mina Talati and V. K. Yadav |
| 260 ## - IMPRINT | |
| Place of publication | New Delhi |
| Name of publisher | Khanna Publishing House |
| Date of publication | 2025 |
| 300 ## - PHYSICAL DESCRIPTION | |
| Page / Vol. No | 187 |
| 650 ## - SUBJECT ADDED ENTRY--TOPICAL TERM | |
| Topical term | Physics |
| 700 ## - ADDED ENTRY--PERSONAL NAME | |
| Personal name | Yadav, V. K. |
| 856 ## - ELECTRONIC LOCATION AND ACCESS | |
| Uniform Resource Identifier | https://khannabooks.com/product/applied-physics-i-with-lab-manual-2/#:~:text=1.,Index |
| 942 ## - ADDED ENTRY ELEMENTS (KOHA) | |
| Koha item type | Gifted/Donated Books |
| Withdrawn status | Lost status | Source of classification | Damaged status | Not for loan | Home library | Current library | Date acquired | Total Checkouts | Call number | Accession number | Date last seen | Price effective from | Koha item type |
|---|---|---|---|---|---|---|---|---|---|---|---|---|---|
| Dewey Decimal Classification | SEACOM ENGINEERING COLLEGE | SEACOM ENGINEERING COLLEGE | 11/04/2026 | 530.0262 M663 | G528 | 11/04/2026 | 11/04/2026 | Gifted/Donated Books | |||||
| Dewey Decimal Classification | SEACOM ENGINEERING COLLEGE | SEACOM ENGINEERING COLLEGE | 11/04/2026 | 530.0262 M663 | G529 | 11/04/2026 | 11/04/2026 | Gifted/Donated Books | |||||
| Dewey Decimal Classification | SEACOM ENGINEERING COLLEGE | SEACOM ENGINEERING COLLEGE | 11/04/2026 | 530.0262 M663 | G530 | 11/04/2026 | 11/04/2026 | Gifted/Donated Books |
